000 00862cam a22002654a 4500
999 _c41511
_d41511
001 13284147
003 OSt
005 20220919110236.0
008 030722s2003 nhua b 001 0 eng
010 _a 2003055631
020 _a1578083257 (pbk.)
040 _aDLC
_cDLC
_dDLC
042 _apcc
050 0 0 _aQH541.15.B56
_bK75 2003
082 0 0 _a333.92
_222
_bKRI/T
100 1 _aKrishnamurthy, K. V.
_99087
245 1 0 _aTextbook of biodiversity /
_cK.V. Krishnamurthy.
260 _aEnfield, NH :
_bScience Publishers,
_cc2003.
300 _axv, 260 p. :
_bill. ;
_c25 cm.
504 _aIncludes bibliographical references (p. [195]-222) and indexes.
650 0 _aBiodiversity.
650 0 _aBiodiversity conservation.
906 _a7
_bcbc
_corignew
_d1
_eocip
_f20
_gy-gencatlg
942 _2ddc
_cBK
_h333.92
_iKRI/T
_k333.92
_mKRI/T